Riconosci la Squadra di calcio - Quiz n°7 - Statistics

Statistiche generali
  • Questo quiz è stato fatto 122 volte
  • Il punteggio medio è 8 su 10
Statistiche sulle risposte
Indizio Risposta % Corretto
Colori sociali Rosso, bianco
95%
Simboli Stella rossa
85%
Titoli nazionali 7 Campionati cechi 14 Campionati cecoslovacchi
83%
Divisione nazionale 2023-2024 Prima
78%
Confederazione UEFA
76%
Trofei nazionali 7 Coppe della Rep. Ceca 4 Coppe di Cecoslovacchia
71%
Fondazione 1892
70%
Trofei internazionali 1 Coppe Mitropa 7 Coppe Intertoto
70%
Capienza Stadio 20 800 posti
68%
Squadra Slavia Praga
63%
Nessun quiz corrispondente trovato
Distribuzione punteggi
Percentuale di utenti per punteggio
Percentile per numero di risposta
I tuoi punteggi nel tempo
Non hai fatto questo quiz